Giáo trình kỹ thuật truyền hình : Cơ sở kỹ thuật truyền hình, kỹ thuật truyền hình màu, truyền hình kỹ thuật số

Tài liệu bao gồm 3 phần: cơ sở kỹ thuật truyền hình, kỹ thuật truyền hình màu, truyền hình kỹ thuật số.

Guardado en:
Detalles Bibliográficos
Autor principal: Đỗ, Hoàng Tiến
Formato: Libro
Lenguaje:Undetermined
Publicado: Hà Nội Khoa học và Kỹ thuật 2004
Materias:
Etiquetas: Agregar Etiqueta
Sin Etiquetas, Sea el primero en etiquetar este registro!
Thư viện lưu trữ: Trung tâm Học liệu Trường Đại học Cần Thơ
LEADER 00898nam a2200217Ia 4500
001 CTU_111053
008 210402s9999 xx 000 0 und d
020 |c 51500 
082 |a 621.388 
082 |b T305 
100 |a Đỗ, Hoàng Tiến 
245 0 |a Giáo trình kỹ thuật truyền hình : 
245 0 |b Cơ sở kỹ thuật truyền hình, kỹ thuật truyền hình màu, truyền hình kỹ thuật số 
245 0 |c Đỗ Hoàng Tiến, Dương Thanh Phương 
260 |a Hà Nội 
260 |b Khoa học và Kỹ thuật 
260 |c 2004 
520 |a Tài liệu bao gồm 3 phần: cơ sở kỹ thuật truyền hình, kỹ thuật truyền hình màu, truyền hình kỹ thuật số. 
650 |a Television 
904 |i Minh 
980 |a Trung tâm Học liệu Trường Đại học Cần Thơ